[Event "La Pobla de Lillet op-A 30th"]
[Site "La Pobla de Lillet"]
[Date "2021.08.03"]
[Round "2"]
[White "Gelos, Guillaume"]
[Black "Perez Garcia, Adria"]
[Result "1/2-1/2"]
[WhiteElo "1945"]
[BlackElo "2129"]
[PlyCount "58"]
[EventDate "2021.08.02"]
[EventType "swiss"]
[EventRounds "9"]
[EventCountry "ESP"]
[SourceTitle "EXT 2022"]
[Source "ChessBase"]
[SourceDate "2021.10.06"]
[SourceVersion "1"]
[SourceVersionDate "2021.10.06"]
[SourceQuality "1"]

1. c4 c6 2. g3 d5 3. Bg2 Nf6 4. b3 Bf5 5. Bb2 e6 6. Nf3 Be7 7. 0-0 0-0 8. d3 h6 9. Nbd2 Bh7 10. Qc1 a5 11. Re1 Nbd7 12. e4 a4 13. Ne5 dxe4 14. Nxe4 Nxe4 15. Nxd7 Qxd7 16. dxe4 Rfd8 17. Qc3 Bf6 18. e5 Be7 19. b4 Qd2 20. a3 Qxc3 21. Bxc3 Rd3 22. Rac1 Rad8 23. Bf1 R3d7 24. Be2 Bd3 25. Kf1 Kf8 26. Bxd3 Rxd3 27. Ke2 Ke8 28. Red1 Rxd1 29. Rxd1 Rxd1 1/2-1/2

[Event "Barcelona Sants op 21st"]
[Site "Barcelona"]
[Date "2019.08.28"]
[Round "6"]
[White "Perez Garcia, Adria"]
[Black "Cuartas, Jaime Alexander"]
[Result "0-1"]
[WhiteElo "2196"]
[BlackElo "2530"]
[PlyCount "68"]
[EventDate "2019.08.23"]
[EventType "swiss"]
[EventRounds "10"]
[EventCountry "ESP"]
[SourceTitle "EXT 2020"]
[Source "ChessBase"]
[SourceDate "2019.10.17"]
[SourceVersion "1"]
[SourceVersionDate "2019.10.17"]
[SourceQuality "1"]

1. e4 c5 2. c3 Nf6 3. e5 Nd5 4. d4 cxd4 5. Nf3 Nc6 6. cxd4 d6 7. Bc4 dxe5 8. Nxe5 e6 9. 0-0 Nb6 10. Bb5 Bd7 11. Bxc6 Bxc6 12. Nxc6 bxc6 13. Qc2 Rc8 14. Be3 Be7 15. Nd2 0-0 16. Rac1 Nd5 17. Ne4 Qb6 18. Rfd1 h6 19. Qb1 Rfd8 20. Rc4 e5 21. Qc2 f5 22. Nc3 Nxe3 23. fxe3 Bg5 24. Qf2 f4 25. exf4 Bxf4 26. Na4 Qb8 27. Qc2 exd4 28. Rxc6 Bxh2+ 29. Kh1 Rxc6 30. Qxc6 Qe5 31. Nc5 Qh5 32. g4 Qh4 33. Qe6+ Kh8 34. Qf5 Bd6+ 0-1

[Event "Barcelona Electrica Baleares op 2nd"]
[Site "Barcelona"]
[Date "2019.05.10"]
[Round "8"]
[White "Capellades Subirana, Marc"]
[Black "Perez Garcia, Adria"]
[Result "1/2-1/2"]
[WhiteElo "2155"]
[BlackElo "2182"]
[PlyCount "105"]
[EventDate "2019.03.15"]
[EventType "swiss"]
[EventRounds "9"]
[EventCountry "ESP"]
[SourceTitle "CBM 190 Extra"]
[Source "ChessBase"]
[SourceDate "2019.07.15"]
[SourceVersion "1"]
[SourceVersionDate "2019.07.15"]
[SourceQuality "1"]

1. e4 c6 2. d4 d5 3. Nc3 dxe4 4. Nxe4 Nf6 5. Nxf6+ exf6 6. c3 Bd6 7. Bd3 0-0 8. Qc2 Re8+ 9. Ne2 h6 10. Bd2 Be6 11. c4 Na6 12. a3 Nc7 13. 0-0 b5 14. b3 Rc8 15. Nf4 Qd7 16. a4 bxc4 17. bxc4 Rb8 18. Nh5 Bg4 19. Ng3 Bxg3 20. hxg3 Ne6 21. d5 cxd5 22. cxd5 Qxd5 23. Bc4 Qh5 24. Bxe6 Bxe6 25. Be3 Qa5 26. Qc5 Qxc5 27. Bxc5 a5 28. Rfb1 Bd7 29. Bd6 Rxb1+ 30. Rxb1 Bxa4 31. Bc7 Bc2 32. Rc1 Bb3 33. Bxa5 Kh7 34. Re1 Be6 35. Bb4 Rb8 36. Bc5 Rb2 37. Be7 Rb7 38. Bc5 g5 39. Bd4 Kg6 40. Kh2 Rb4 41. Bc5 Rc4 42. Be3 f5 43. Rc1 Ra4 44. Rd1 Ra2 45. Rd2 Ra1 46. Rd8 Rf1 47. Rd4 Kh5 48. Rd2 Rb1 49. Rd8 Rb4 50. Rd4 Rb2 51. Rd2 Rb5 52. Rd4 Bd5 53. Rd2 1/2-1/2

[Event "Barcelona Sant Marti op 8th"]
[Site "Barcelona"]
[Date "2019.03.14"]
[Round "9"]
[White "Capellades Subirana, Marc"]
[Black "Perez Garcia, Adria"]
[Result "0-1"]
[WhiteElo "2125"]
[BlackElo "2182"]
[PlyCount "92"]
[EventDate "2019.01.17"]
[EventType "swiss"]
[EventRounds "9"]
[EventCountry "ESP"]
[SourceTitle "CBM 189 Extra"]
[Source "ChessBase"]
[SourceDate "2019.06.03"]
[SourceVersion "1"]
[SourceVersionDate "2019.06.03"]
[SourceQuality "1"]

1. e4 c6 2. d4 d5 3. Nc3 dxe4 4. Nxe4 Nf6 5. Nxf6+ exf6 6. Nf3 Bd6 7. Bd3 0-0 8. Be3 Re8 9. Qd2 Bg4 10. h3 Bh5 11. g4 Bg6 12. 0-0-0 Na6 13. Bf5 Nb4 14. a3 Nd5 15. c4 Nxe3 16. fxe3 b5 17. c5 Bxf5 18. gxf5 Bf8 19. Qd3 Qd5 20. Nd2 Bxc5 21. Kb1 Rad8 22. Rhf1 Bf8 23. Qc3 c5 24. dxc5 Qxc5 25. Qxc5 Bxc5 26. e4 Rd3 27. Nf3 Rxd1+ 28. Rxd1 Rxe4 29. Rd5 Bb6 30. Rxb5 Re3 31. Nd2 Re5 32. Rxe5 fxe5 33. b4 Kf8 34. Kc2 g6 35. fxg6 hxg6 36. a4 Ke7 37. Nc4 Bc7 38. a5 Ke6 39. Kd3 Kd5 40. Ne3+ Ke6 41. Kc4 a6 42. Nd5 Bd8 43. Nc3 f5 44. Kd3 Be7 45. b5 axb5 46. a6 Bc5 0-1

[Event "Barcelona Sants op 20th"]
[Site "Barcelona"]
[Date "2018.08.17"]
[Round "1"]
[White "Sviridov, Valery"]
[Black "Perez Garcia, Adria"]
[Result "1-0"]
[WhiteElo "2528"]
[BlackElo "2115"]
[PlyCount "65"]
[EventDate "2018.08.17"]
[EventType "swiss"]
[EventRounds "10"]
[EventCountry "ESP"]
[SourceTitle "CBM 186 Extra"]
[Source "ChessBase"]
[SourceDate "2018.08.24"]
[SourceVersion "1"]
[SourceVersionDate "2018.08.24"]
[SourceQuality "1"]

1. Nf3 d5 2. g3 Nf6 3. Bg2 Bf5 4. c4 c6 5. 0-0 e6 6. cxd5 exd5 7. d3 Be7 8. Nc3 0-0 9. Qb3 Qb6 10. Qc2 Re8 11. e4 Be6 12. Ng5 Na6 13. Nxe6 fxe6 14. a3 Qd8 15. b4 Nc7 16. Rb1 a6 17. e5 Nd7 18. d4 Nb6 19. a4 Nc4 20. f4 a5 21. bxa5 Nxa5 22. f5 exf5 23. Qxf5 Rf8 24. Qg4 Rxf1+ 25. Bxf1 c5 26. Bd3 Qe8 27. Nxd5 Nxd5 28. Qe4 Qf7 29. Qxh7+ Kf8 30. Bd2 cxd4 31. Rf1 Nf6 32. exf6 gxf6 33. Bh6+ 1-0

[Event "Foment Martinenc op-A 20th"]
[Site "Barcelona"]
[Date "2018.05.12"]
[Round "4"]
[White "Fernandez Aguilar, Francisco"]
[Black "Perez Garcia, Adria"]
[Result "0-1"]
[WhiteElo "2063"]
[BlackElo "2137"]
[PlyCount "68"]
[EventDate "2018.04.21"]
[EventType "swiss"]
[EventRounds "9"]
[EventCountry "ESP"]
[SourceTitle "CBM 184 Extra"]
[Source "ChessBase"]
[SourceDate "2018.06.28"]
[SourceVersion "1"]
[SourceVersionDate "2018.06.28"]
[SourceQuality "1"]

1. Nf3 d5 2. g3 Nf6 3. Bg2 c6 4. 0-0 Bf5 5. d3 e6 6. Nbd2 h6 7. b3 Be7 8. Bb2 0-0 9. Qe1 Bh7 10. e4 a5 11. a3 Nbd7 12. Qe2 Qc7 13. e5 Ne8 14. Rac1 Qb6 15. a4 Nc7 16. d4 Na6 17. Ne1 Rfd8 18. f4 c5 19. c3 cxd4 20. cxd4 Nb4 21. Bh3 Rac8 22. Rxc8 Rxc8 23. Kh1 Nc2 24. f5 exf5 25. Bxf5 Bxf5 26. Rxf5 Nxe1 27. Qxe1 Rc2 28. Bc1 Qc6 29. Rf1 Bg5 30. h4 Be7 31. Nb1 Bb4 32. Bd2 Rb2 33. Bxb4 axb4 34. Qd1 Qg6 0-1